Contribution of thyroid gland ultrasound for screening of patients with suspected subclinical thyroid gland disorders

Bibliographic Details
Main Authors: Tajtáková, Mária (Author), Langer, Pavel, 1929-2016 (Author), Semanová, Z. (Author), Tomková, Z. (Author)
Format: Article
Language:English
PhysicalDescription:Obr., tab.
ISSN:0006-9248
Subjects:

MARC

LEADER 00000nab a2200000 a 4500
001 vtls000692538
003 SK-MaSNL
005 20260318124809.0
008 140414c1999 xo 0 eng
015 |a SNBRB1999/04-09834 
035 |a CLN000044705 
040 |a SNKBUCL  |b slo  |c SNKBUCL  |e AACR2 
041 0 |a eng 
044 |a xo  |c SK 
080 |a 616.441-073.756.8  |2 1997 
245 0 0 |a Contribution of thyroid gland ultrasound for screening of patients with suspected subclinical thyroid gland disorders  |c M. Tajtáková ... [et al.] 
300 |b Obr., tab. 
504 |a Res. angl., slov. 
504 |a Bibliogr. odkazy 
650 0 7 |a štítna žľaza  |2 snkbucl  |9 116927 
650 0 7 |a ultrasonografia  |2 snkbucl  |9 13510 
650 0 7 |a subklinická tyreopatia  |2 snkbucl  |9 1293680 
650 0 7 |a hypertyreóza  |2 snkbucl  |9 16643 
650 0 7 |a hypotyreóza  |2 snkbucl  |9 13518 
655 7 |a články z novín a časopisov  |2 snkbucl  |9 267496 
700 1 |a Tajtáková, Mária  |4 aut  |9 9198 
700 1 |a Langer, Pavel,  |d 1929-2016  |4 aut  |9 217874 
700 1 |a Semanová, Z.  |4 aut  |9 1260878 
700 1 |a Tomková, Z.  |4 aut  |9 1045196 
773 0 |t Bratislavské lekárske listy  |g Roč. 100, č. 4 (1999), s. 196-199  |x 0006-9248 
850 |a Slovenská národná knižnica v Martine 
852 |a SNK  |b KIS3GCP 
954 |a odborná, vedecká literatúra pôvodná (slovenská)  |2 lita 
958 |a NB 
958 |a OND 
992 |a RBX 
999 |c 2574530  |d 2576460